000 004160000a22001690004500
003 MACL
005 20160109131904.0
008 160109b xxu||||| |||| 00| 0 eng d
040 _aMACL
_cMACL
041 _aEnglish
082 _a920/DES
100 _aDesai, Morarji
_928059
245 _aThe Story of My Life
260 _bMachmillan & co
_c1974
_aMadras
650 _aBiography
_930371
942 _cBK
_k920/des
_2ddc
999 _c35827
_d35827